000 00464pab a2200157 454500
008 180718b2003 xxu||||| |||| 00| 0 eng d
100 _aKeefer, Philip
245 _aThe limits of delegation: veto players, Central Bank independence, and the credibility of monetary policy
260 _c2003
300 _ap.407-23.
362 _aAug
650 _aMonetary policy
700 _aStasavage, David
773 _aAmerican Political Science Review
909 _a58356
999 _c58356
_d58356